| 000 | 00506nam a2200217Ia 4500 | ||
|---|---|---|---|
| 003 | 0100 | ||
| 008 | 130303s9999 xx 000 0 und d | ||
| 040 | _cARRUPELIB | ||
| 050 | _aHD1333.Z55R5 | ||
| 100 | _aRiddell, Roger | ||
| 245 | 4 | _aThe land problem in Rhodesia | |
| 245 | _balternatives for the future | ||
| 260 | _aGwelo | ||
| 260 | _bMambo Press | ||
| 260 | _C1978 | ||
| 300 | _ax | ||
| 300 | _b 135p. 21cm. | ||
| 650 | _bskepticism - History | ||
| 700 | _aRoger Riddell | ||
| 942 | 0 | 0 | _01 |
| 999 |
_c27508 _d27508 |
||